000 00847nam a22002417a 4500
999 _c11197
_d11197
003 AR-CdUCM
008 190403b ||||| |||| 00| 0 spa d
040 _aMUNICIPALIDAD PROVINCIAL DEL CUSCO
_cBIBLIOTECA MUNICIPAL DEL CUSCO
082 _a985.21 /
_bST932 / 1942
100 _aStubbs, Ricardo Walter
_914088
245 _aRonda de los recuerdos /
260 _aLima :
_bEl Universal,
_c1942.
300 _a144 paginas ;
_c20 cm.
440 _aColección Charlas Multicolores
_n1
_928433
500 _aDonación de la familia Nieto. Dedicatoria a Luis Nieto
505 _aContenido: Elegía al portal de escribanos -- La Merced, Relicario de historia -- Un retablo, una tizona, un corazón ...
650 _aPerú
_935
650 _aViajes
_9856
650 _aLima
_9231
650 _aHistoria
_9136
942 _2ddc
_cLIBROS
945 _acmm